000 00328nam a22001337a 4500
008 180927b xxu||||| |||| 00| 0 eng d
020 _a9780674530133
041 _aeng
080 _a321
100 _a19
101 _aSHP
245 _aLiberalism and Republicanism in the Historical Imagination
_cAppleby, J
942 _2udc
_cBK
999 _c48612
_d48612